Statistiche per città europee con più di 500mila abitanti

Clicka qui per fare il quiz!

Statistiche generali

  • Questo quiz è stato fatto 55 volte
    (42 dall'ultimo reset)
  • Il punteggio medio è 54 su 86

Statistiche sulle risposte

NAZIONECITTÀ% Corretto
PAESI BASSIAMSTERDAM
97%
GERMANIABERLINO
97%
UCRAINAKIEV
97%
ITALIAMILANO
97%
RUSSIAMOSCA
97%
NORVEGIAOSLO
97%
FRANCIAPARIGI
97%
ITALIAROMA
97%
BELGIOBRUXELLES
94%
REGNO UNITOLONDRA
94%
ITALIANAPOLI
94%
ITALIAPALERMO
94%
ITALIATORINO
94%
AUSTRIAVIENNA
94%
GRECIAATENE
91%
SPAGNABARCELLONA
91%
UNGHERIABUDAPEST
91%
PORTOGALLOLISBONA
91%
SPAGNAMADRID
91%
FRANCIAMARSIGLIA
91%
GERMANIAMONACO
91%
REP. CECAPRAGA
91%
BULGARIASOFIA
91%
ROMANIABUCAREST
89%
DANIMARCACOPENAGHEN
89%
IRLANDADUBLINO
89%
POLONIAVARSAVIA
89%
CROAZIAZAGABRIA
89%
FINLANDIAHELSINKI
86%
BIELORUSSIAMINSK
86%
SVEZIASTOCCOLMA
86%
FRANCIALIONE
83%
REGNO UNITOLIVERPOOL
83%
LETTONIARIGA
83%
LITUANIAVILNIUS
83%
GERMANIAAMBURGO
80%
SERBIABELGRADO
80%
ITALIAGENOVA
80%
REGNO UNITOMANCHESTER
80%
RUSSIASAN PIETROBURGO
80%
TURCHIAISTANBUL
77%
PAESI BASSIROTTERDAM
77%
SPAGNAVALENCIA
77%
AZERBAIGIANBAKU
71%
MOLDAVIACHISINAU
71%
GERMANIAFRANCOFORTE
71%
SPAGNASIVIGLIA
71%
MACEDONIASKOPJE
71%
GERMANIASTOCCARDA
71%
POLONIACRACOVIA
66%
GERMANIADORTMUND
66%
GEORGIATBILISI
66%
BELGIOANVERSA
63%
GERMANIALIPSIA
63%
REGNO UNITOBIRMINGHAM
60%
ARMENIAEREVAN
60%
GERMANIACOLONIA
57%
KAZAKISTANASTANA
49%
GERMANIADUSSELDORF
49%
SPAGNAMALAGA
46%
GERMANIANORIMBERGA
46%
SVEZIAGOTEBORG
43%
GERMANIAHANNOVER
43%
GERMANIABREMA
40%
REGNO UNITOGLASGOW
40%
RUSSIAKAZAN
34%
GERMANIADRESDA
31%
PAESI BASSIL'AIA
31%
REGNO UNITOLEEDS
29%
UCRAINALEOPOLI
26%
SPAGNASARAGOZZA
26%
POLONIAPOZNAN
23%
REGNO UNITOSHEFFIELD
23%
RUSSIAVOLGOGRAD
23%
GERMANIAESSEN
17%
POLONIALODZ
17%
POLONIABRESLAVIA
11%
RUSSIASAMARA
11%
RUSSIAROSTOV SUL DON
6%
UCRAINADONEC'K
3%
UCRAINAMYKOLAIV
3%
RUSSIAABINSK
0%
REGNO UNITOBRADFORD
0%
UCRAINAKRYVYI RIH
0%
RUSSIANIZNIJ NOVGOROD
0%
UCRAINAZAPORIZZJA
0%

Distribuzione punteggi

Percentile per numero di risposta

Percentuale di utenti per punteggio

I tuoi punteggi nel tempo

Non hai fatto questo quiz dall'ultimo reset